<?xml version="1.0" encoding="UTF-8"?>
<record
    xmlns:xsi="http://www.w3.org/2001/XMLSchema-instance"
    xsi:schemaLocation="http://www.loc.gov/MARC21/slim http://www.loc.gov/standards/marcxml/schema/MARC21slim.xsd"
    xmlns="http://www.loc.gov/MARC21/slim">

  <leader>03375nam a2200313 a 4500</leader>
  <controlfield tag="001">BRCA_5192</controlfield>
  <controlfield tag="005">20190320204958.0</controlfield>
  <controlfield tag="008">251110s1736----mx-######v---#000-0#spa-#</controlfield>
  <datafield tag="041" ind1=" " ind2=" ">
    <subfield code="a">spa</subfield>
  </datafield>
  <datafield tag="044" ind1=" " ind2=" ">
    <subfield code="a">mx</subfield>
  </datafield>
  <datafield tag="084" ind1=" " ind2=" ">
    <subfield code="a">DOC126</subfield>
    <subfield code="b">.M38</subfield>
    <subfield code="c">1736</subfield>
  </datafield>
  <datafield tag="100" ind1="1" ind2=" ">
    <subfield code="a">Mata, Phelipe Antonio de</subfield>
    <subfield code="c">Tesorero</subfield>
    <subfield code="9">13294</subfield>
  </datafield>
  <datafield tag="245" ind1="1" ind2="0">
    <subfield code="a">Cuenta que presenta Don Phelipe Antonio de Mata</subfield>
    <subfield code="c">Phelipe Antonio de Mata.</subfield>
  </datafield>
  <datafield tag="260" ind1=" " ind2=" ">
    <subfield code="a">M&#xE9;xico</subfield>
    <subfield code="c">1736</subfield>
  </datafield>
  <datafield tag="300" ind1=" " ind2=" ">
    <subfield code="a">[62] fojas</subfield>
    <subfield code="c">32 x 23 cm</subfield>
  </datafield>
  <datafield tag="500" ind1=" " ind2=" ">
    <subfield code="a">Documento expedido en 1736</subfield>
  </datafield>
  <datafield tag="500" ind1=" " ind2=" ">
    <subfield code="a">Cuenta que presenta Don Phelipe Antonio de Mata Tesorero Mayordomo de los propios y Rentas de esta Novil&#xED;sima Ciudad; a los se&#xF1;ores de el Cabildo y su distribuci&#xF3;n desde primero de enero hasta fin de diciembre de 1736</subfield>
  </datafield>
  <datafield tag="500" ind1=" " ind2=" ">
    <subfield code="a">Documento contiene la leyenda DOC. #294</subfield>
  </datafield>
  <datafield tag="500" ind1=" " ind2=" ">
    <subfield code="a">Papel con marca de agua</subfield>
  </datafield>
  <datafield tag="500" ind1=" " ind2=" ">
    <subfield code="a">Al margen: SELLOS DEL GOBIERNO ESPA&#xD1;OL CON ESCUDOS</subfield>
  </datafield>
  <datafield tag="500" ind1=" " ind2=" ">
    <subfield code="a">Estado de conservaci&#xF3;n: contiene acido, m&#xE1;rgenes maltratados</subfield>
  </datafield>
  <datafield tag="505" ind1="0" ind2=" ">
    <subfield code="a">Contenido: CARGOS de lo cobrado de arrendamiento de cajones, casas y tiendas viejas de Frontera de San Bernardo, de lo producido, las asesor&#xED;as del Rastro, las dos casas de panader&#xED;a, de lo cobrado en el Posito, de los r&#xE9;ditos de cenzos, de lo cobrado de mercedes de agua, de varias cantidades que han entregado a mi poder, de la renta de las casas y tiendas nuevas de la Monterilla; del pago del Gremio Tocinero, arrendamiento de las tablas que se repartieron en el Rastro Viejo de San Antonio Abad; el 31 de marzo de 1736, del arrendamiento del Rastro Nuevo de la Callejuela; del arrendamiento que paga el fiel contraste de esta ciudad; del arrendamiento de fiel del campo por 900 pesos al a&#xF1;o. Resumen General de las Partidas del Cargo; Al final Sumario General del cargo; Advertencia la Plaza Mayor de esta ciudad est&#xE1; adjudicada en arrendamiento a Don Francisco Cameros por nueve a&#xF1;os que empezaron a correr desde primero de enero de 1732. -- DATA de lo gastado en ca&#xF1;er&#xED;as, gastos de lo anterior para gastos de pleitos, de los gastos Ordinarios y Extraordinarios, hechos en todo este a&#xF1;o 1736, Resumen y Sumario General de las partidas de Data, Resoluci&#xF3;n de Cargo y Data. -- Cuenta y relaci&#xF3;n jurada que d&#xE1; Don Phelipe Antonio de Mata Tesorero Mayordomo de los propios y Rentas de esta Novelis&#xED;ma Ciudad, a los se&#xF1;ores de el Cabildo, Justicia y Regimiento de ella; de lo procedido de ellas desde primero de enero hasta 31 de diciembre de 1736; incluy&#xE9;ndose en ella, asimismo, lo que redituan las casas y tiendas nuevas de la Monterilla y Callejuela. -- Data de lo que tengo pagado de salarios al Juez, Supereintendente, Corregidor, Regidores y Ministros de esta novelis&#xED;mima Ciudad de un a&#xF1;o cumplido en fin de diciembre de 1736. -- DATA de lo pagado un r&#xE9;ditos a los Anzuatarios de un a&#xF1;o cumplido en fin de diciembre de 1736; Data de lo pagado de atrasados este a&#xF1;o de 1736, data de lo gastado en fiestas, de lo gastado en propinas, cuenta ajustada, glosada y fenecida de 1736, sumario del cargo.</subfield>
  </datafield>
  <datafield tag="506" ind1="0" ind2=" ">
    <subfield code="a">Fondo reservado: para su consulta es necesario credencial de usuario y carta de motivos</subfield>
  </datafield>
  <datafield tag="546" ind1=" " ind2=" ">
    <subfield code="a">Texto en espa&#xF1;ol de principios del siglo XVIII</subfield>
  </datafield>
  <datafield tag="600" ind1="1" ind2="4">
    <subfield code="a">Mata, Phelipe Antonio de</subfield>
    <subfield code="c">Tesorero</subfield>
    <subfield code="9">13294</subfield>
  </datafield>
  <datafield tag="650" ind1="1" ind2="4">
    <subfield code="a">Documentos legales</subfield>
    <subfield code="v">Manuscrito</subfield>
    <subfield code="x">Historia</subfield>
    <subfield code="y">Colonia, 1521-1821</subfield>
    <subfield code="z">M&#xE9;xico</subfield>
    <subfield code="9">13295</subfield>
  </datafield>
  <datafield tag="902" ind1=" " ind2=" ">
    <subfield code="a">FDH</subfield>
  </datafield>
  <datafield tag="942" ind1=" " ind2=" ">
    <subfield code="2">lcc</subfield>
    <subfield code="c">D</subfield>
  </datafield>
  <datafield tag="999" ind1=" " ind2=" ">
    <subfield code="c">4886</subfield>
    <subfield code="d">4886</subfield>
  </datafield>
  <datafield tag="952" ind1=" " ind2=" ">
    <subfield code="0">0</subfield>
    <subfield code="1">0</subfield>
    <subfield code="4">0</subfield>
    <subfield code="7">0</subfield>
    <subfield code="a">BRCA</subfield>
    <subfield code="b">BRCA</subfield>
    <subfield code="d">2010-11-25</subfield>
    <subfield code="l">0</subfield>
    <subfield code="o">DOC126 .M38 1736</subfield>
    <subfield code="p">5627</subfield>
    <subfield code="r">2019-03-22 00:00:00</subfield>
    <subfield code="w">2019-03-22</subfield>
    <subfield code="y">D</subfield>
  </datafield>
</record>
